000 00498nam a22001817a 4500
003 CEME
005 20210628203631.0
008 210317b xxu||||| |||| 00| 0 eng d
020 _a0-87006-498-3
040 _c.
082 _a629.25 ROT'S
100 _aRoth, Alfre , Baird, Ronald J
_966644
245 _aSmall gas engines
260 _aSOUTH HOLLAND
_bGOODHEART
_c1985
300 _a264P
650 _aINTERNAL COMBUSTION ENGINES SPARK IGNITION JHVENILE LITERATURE
_966645
942 _cBK
_2ddc
999 _c574578
_d574578